| 000 | 01443nam a2200253Ia 4500 | ||
|---|---|---|---|
| 999 |
_c55351 _d55351 |
||
| 001 | 22429 | ||
| 003 | GE_BSU | ||
| 005 | 20221221160738.0 | ||
| 008 | 181216s2018||||ge |||||||||||||| ||geo|| | ||
| 040 | _cGE_BSU | ||
| 041 | _ageo | ||
| 080 | _a37 ტ-20 | ||
| 100 |
_aტაკიძე, მაია _910728 |
||
| 245 |
_aფონეტიკის და აუდირების სწავლების ეფექტიანობის ამაღლება საუნივერსიტეტო საფეხურზე / _cმაია ტაკიძე; სამეცნ. ხელმძღვ. ლელა თავდგირიძე., თეა შავლაძე; |
||
| 264 |
_aბათუმი, _c2018. |
||
| 300 |
_a168 გვ. : _bილ. ; _c30 სმ. |
||
| 300 | _eბიბლ. გვ. 144-152 | ||
| 653 | _aფონეტიკის და აუდირების სწავლების ეფექტიანობის ამაღლება საუნივერსიტეტო საფეხურზე | ||
| 653 | _aლინგვისტიკა | ||
| 653 | _aდისერტაცია | ||
| 700 |
_aთავდგირიძე, ლელა _eსამეცნ. ხელმძღვანელი _91294 |
||
| 700 |
_aშავლაძე, თეა _eსამეცნ. ხელმძღვანელი _95961 |
||
| 942 |
_cDS _2udc |
||